000 00496nam a2200181Ia 4500
001 20520
005 20260306172812.0
008 260306t2017||||xx |||||||||||||| ||spa||
041 _aESP
082 _a343.335
_bS17
100 _aSalas Vásquez, Pedro Pablo
_eAUT
245 0 _aDoctrina jurisprudencial vinculante del tribunal constitucional:
_banálisis y comentarios
260 _c2017
300 _a246 páginas :
_c23 cm.
650 _aGEN
654 _aCDE
942 _cLIB
_dJUS
_fJUS
_2ddc
_n
999 _c20520
_d20520